Disrupting class how disruptive innovation will change the way the world learns

Saved in:
Bibliographic Details
Main Author: Christensen, Clayton M.
Other Authors: Horn, Michael B., Johnson, Curtis W.
Format: Book
Language:English
Published: New York McGraw-Hill 2017
Edition:expanded ed.
Subjects:
Tags: Add Tag
No Tags, Be the first to tag this record!

MARC

LEADER 00000nam$a2200000$$$4500
001 0226396
005 20230109073031.8
020 |a 978-1-259-86088-1 
041 0 |a eng 
044 |a US 
245 1 0 |a Disrupting class  |b how disruptive innovation will change the way the world learns  |c Clayton M. Christensen, Michael B. Horn and Curtis W. Johnson 
250 |a expanded ed. 
264 1 |a New York  |b McGraw-Hill  |c 2017 
300 |a xiii, 256 s. 
610 2 0 |a vzdelávanie 
610 2 0 |a školy 
610 2 0 |a študenti 
610 2 0 |a využitie počítačov 
610 2 0 |a inovácia 
610 2 0 |a vyučovanie 
610 2 0 |a učitelia 
100 1 |a Christensen, Clayton M. 
700 1 |a Horn, Michael B. 
700 1 |a Johnson, Curtis W.